My LIfe in Full: (Record no. 203657)

MARC details
000 -LEADER
fixed length control field 00596nam a22001817a 4500
005 - DATE AND TIME OF LATEST TRANSACTION
control field 20240624152322.0
010 ## - LCCN (DPL NO)
LC control number ENG-140678
020 ## - INTERNATIONAL STANDARD BOOK NUMBER
International Standard Book Number 9789389253818
Terms of availability 699.00
035 ## - SYSTEM CONTROL NUMBER
System control number EN-124210
037 ## - SOURCE OF ACQUISITION
Source of stock number/acquisition DBAD
082 ## - DEWEY DECIMAL CLASSIFICATION NUMBER
Classification number 920
100 ## - MAIN ENTRY--PERSONAL NAME
Personal name Nooyi, Indra K.
245 ## - TITLE STATEMENT
Title My LIfe in Full:
Remainder of title Work, Family And Our Future/
Statement of responsibility, etc By Indra K. Nooyi,
260 ## - PUBLICATION, DISTRIBUTION, ETC. (IMPRINT)
Place of publication, distribution, etc Gurugram
Name of publisher, distributor, etc Hachelle Book Publishing India Pvt Ltd
Date of publication, distribution, etc 2021
270 ## - ADDRESS
Address 4th & %th Floor, Corporate Centre, Plot No. 94, Sector 44
City Gurugram
Postal code 122003
300 ## - PHYSICAL DESCRIPTION
Extent xiv,313p.
Dimensions 22cm.(Hb)
942 ## - ADDED ENTRY ELEMENTS (KOHA)
Source of classification or shelving scheme Dewey Decimal Classification
Item type English Books
Classification part 920
Call number suffix NOO
Holdings
Withdrawn status Lost status Not for loan Collection code Home library Current library Date acquired Source of acquisition Cost, normal purchase price Full call number Barcode Copy number Cost, replacement price Koha item type
      Non-fiction Central Library Central Library 24/06/2024 DBAD 699.00 920 NOO EN-124210 1 699.00 English Books

© Delhi Public Library
Hit Counter
free hit counter